Normal view
MARC view
- Barrett, Louis C.
Entry Personal Name
001 - CONTROL NUMBER
- control field: 1223
003 - CONTROL NUMBER IDENTIFIER
- control field: OSt
005 - DATE AND TIME OF LATEST TRANSACTION
- control field: 20160818112748.0
008 - FIXED-LENGTH DATA ELEMENTS
- fixed length control field: 160818|| aca||aabn | a|a d
040 ## - CATALOGING SOURCE
- Original cataloging agency: OSt
- Transcribing agency: OSt
100 ## - HEADING--PERSONAL NAME
- Personal name: Barrett, Louis C.
670 ## - SOURCE DATA FOUND
- Source citation: Work cat.: (OSt): Wylie, Ray C. 1222, Advanced Engineering Mathematics, 2015
